000 00776nam a2200277Ia 4500
003 OSt
005 20221006153841.0
006 a|||||r|||| 00| 0
007 ta
008 221006b |||||||| |||| 00| 0 chi d
024 _a33,644
037 _bGift, PRC
_cTextual
040 _aEASL
_cEASL
_bchi
041 _2chi
_achi
082 _aV41.M40, K2.
100 _aZhai Si He Ed.
_9665598
245 0 _aYa Pian Zhan Zheng
260 _aShanghai
_bRen Min Chu Ban She China
_c1962
300 _av.p.
_ccm.
490 _v V.5CCL
650 _aCCL
700 _a Lin Shu Hui Ed.
_9665599
700 _a Shou Ji Yu Ed.
_9665600
942 _hV41.M40, K2.
_cTEXL
_2CC
999 _c1101730
_d1101730